00450nam a22001337a 4500008004100000040005500041080002000096100002500116245007300141246003200214260004300246300001100289650001600300230628b |||||||| |||| 00| 0 eng d aNational Science LibrarycNational Science Library a06.013(035)bN6 aSrivastava, Gopinath aकार्यालयी अनुवद निदेशिका aKaryalayee anuvad nideshika aNew Delhi: bSamyaik Prakashan, c1996 a142p.  aLiterature